000 00316nam a22001337a 4500
008 171104b xxu||||| |||| 00| 0 eng d
020 _a9780071799058
041 _aeng
080 _a339.138
100 _a61
101 _aSHTJ
245 _aJOE GIRARD'S 13 ESSENTIAL RULES OF SELLING
_cGIRARD, J
942 _2udc
_cBK
999 _c37601
_d37601